000 00480nam a2200181Ia 4500
008 090123s9999 xx 000 0 und d
082 _b137
100 _aखांडेकर वि.स.
245 _aमुरली
250 _a1
260 _bदेशमुख रा.ज.
300 _a315
600 _aखांडेकर वि.स.
630 _aमुरली
700 _aखांडेकर वि.स.
730 _aमुरली
942 _cBOOK
999 _c38225
_d38225